[Event "BDO Premier"]
[Site "Haarlem NED"]
[Date "2010.08.21"]
[Round "1"]
[White "Popilski,G"]
[Black "Peng Zhaoqin"]
[Result "1/2-1/2"]
[WhiteElo "2451"]
[BlackElo "2403"]
[EventDate "2010.08.21"]

1. e4 c5 2. Nf3 Nc6 3. d4 cxd4 4. Nxd4 Nf6 5. Nc3 e6 6. Nxc6 bxc6 7. e5 Nd5
8. Ne4 Qc7 9. f4 Qb6 10. c4 Bb4+ 11. Ke2 f5 12. Nf2 Ne7 13. Nd3 d5 14. Be3
d4 15. Nxb4 dxe3 16. Qd6 Kf7 17. Nd3 Rd8 18. Qc5 Rd4 19. b3 Bb7 20. Qxb6
axb6 21. Kxe3 c5 22. Rg1 Be4 23. g3 Nc6 24. Be2 Bxd3 25. Bxd3 Nb4 26. Bb1
Rad8 27. a3 Nd3 28. Ra2 g5 29. fxg5 Re4+ 30. Kf3 Nxe5+ 31. Kg2 Re3 32. b4
cxb4 33. axb4 Nxc4 34. g4 Rb3 35. gxf5 exf5 36. Kh1 Kg6 37. Rf2 Rf8 38. Rf4
Rxb4 39. Rh4 b5 40. Rh6+ Kg7 41. Re6 Nd2 42. Re7+ Kg6 43. Re6+ Kg7 44. Re7+
Kg6 1/2-1/2

[Event "BDO Premier"]
[Site "Haarlem NED"]
[Date "2010.08.21"]
[Round "1"]
[White "Willemze,T"]
[Black "Ris,R"]
[Result "1/2-1/2"]
[WhiteElo "2405"]
[BlackElo "2423"]
[EventDate "2010.08.21"]

1. e4 e5 2. Nf3 Nc6 3. Nc3 Nf6 4. Bb5 Nd4 5. O-O Nxb5 6. Nxb5 c6 7. Nc3 d6
8. d4 Qc7 9. h3 Be7 10. a4 O-O 11. Qd3 Re8 12. Bg5 h6 13. Be3 b6 14. b4 Bf8
15. b5 c5 16. d5 a5 1/2-1/2

[Event "BDO Premier"]
[Site "Haarlem NED"]
[Date "2010.08.21"]
[Round "1"]
[White "Turov,M"]
[Black "Bok,B"]
[Result "1-0"]
[WhiteElo "2628"]
[BlackElo "2449"]
[EventDate "2010.08.21"]

1. c4 Nf6 2. Nc3 e5 3. Nf3 Nc6 4. g3 Nd4 5. Bg2 Nxf3+ 6. Bxf3 Bb4 7. O-O
O-O 8. d3 c6 9. Bg2 Re8 10. Bd2 h6 11. Kh1 a6 12. Rc1 d6 13. e4 b5 14. b3
Ba3 15. Rc2 Bc5 16. f4 Bd4 17. h3 Bb7 18. Qf3 Nd7 19. Ne2 Ba7 20. g4 d5 21.
Ng3 exf4 22. Qxf4 Ne5 23. exd5 Qd7 24. d4 Nd3 25. Qf3 cxd5 26. cxd5 Bxd4
27. Qxd3 Bxd5 28. Bxd5 Qxd5+ 29. Qf3 Rad8 30. Qxd5 Rxd5 31. Bf4 Bf6 32.
Bxh6 Rd3 33. Bf4 g5 1-0

[Event "BDO Premier"]
[Site "Haarlem NED"]
[Date "2010.08.21"]
[Round "1"]
[White "Reinderman,D"]
[Black "Flumbort,A"]
[Result "1-0"]
[WhiteElo "2587"]
[BlackElo "2540"]
[EventDate "2010.08.21"]

1. c4 c5 2. Nf3 Nc6 3. d4 cxd4 4. Nxd4 Nf6 5. Nc3 e6 6. g3 Qb6 7. Ndb5 Ne5
8. Bg2 a6 9. Na3 Bxa3 10. bxa3 Nxc4 11. Bg5 d5 12. O-O O-O 13. Bxf6 gxf6
14. Rc1 Rd8 15. e4 d4 16. Na4 Qb5 17. Rxc4 Qxc4 18. Nb6 Qc5 19. Nxa8 Bd7
20. e5 Rxa8 21. exf6 Kh8 22. Bxb7 Rg8 23. Qd2 Bb5 24. Re1 d3 25. Be4 Qg5
26. Qxg5 Rxg5 27. a4 Bxa4 28. Bxd3 Bb5 29. Be4 Rc5 30. Rd1 Rc8 31. Kg2 h6
32. f3 Kg8 33. Kh3 Kf8 34. Kg4 Ke8 35. Kh5 1-0

[Event "BDO Premier"]
[Site "Haarlem NED"]
[Date "2010.08.22"]
[Round "2"]
[White "Peng Zhaoqin"]
[Black "Flumbort,A"]
[Result "1/2-1/2"]
[WhiteElo "2403"]
[BlackElo "2540"]
[EventDate "2010.08.21"]

1. d4 Nf6 2. c4 g6 3. Nc3 d5 4. Bg5 Ne4 5. Bh4 Nxc3 6. bxc3 dxc4 7. Qa4+
Qd7 8. Qxc4 b6 9. Bg3 c5 10. Be5 f6 11. Bxb8 Rxb8 12. a4 cxd4 13. cxd4 e5
14. Nf3 exd4 15. g3 Bb7 16. Bg2 Rc8 17. Qb3 Bd5 18. Qb2 Bc5 19. O-O O-O 20.
Rfd1 Rcd8 21. Ne1 Bf7 22. Nd3 Rfe8 23. Rdc1 Rc8 24. Bf3 g5 25. Qb5 Qd6 26.
a5 h5 27. h3 Kg7 28. Rc2 Bg6 29. axb6 axb6 30. Ra6 Qe7 31. Rca2 Rc7 32. Ra8
Bf7 33. R2a6 Rxa8 34. Rxa8 Qe6 35. g4 hxg4 36. hxg4 Qc4 37. Qxc4 Bxc4 38.
Kf1 Be7 39. Ke1 b5 40. Kd2 Bb3 41. Be4 Rc2+ 42. Ke1 b4 43. Ra7 Kf8 44. f4
Ra2 45. Rb7 gxf4 46. Nxb4 Ra1+ 47. Kf2 Be6 48. Nd3 Bxg4 49. Rb8+ Kf7 50.
Nxf4 f5 51. Bd5+ Kf6 52. Bc4 Rc1 53. Rb6+ Kg7 54. Rg6+ Kh7 55. Bg8+ Kh8 56.
Bd5 Kh7 57. Bg8+ Kh8 58. Bd5 Kh7 59. Bg8+ Kh8 1/2-1/2

[Event "BDO Premier"]
[Site "Haarlem NED"]
[Date "2010.08.22"]
[Round "2"]
[White "Bok,B"]
[Black "Van Kampen,R"]
[Result "1-0"]
[WhiteElo "2449"]
[BlackElo "2422"]
[EventDate "2010.08.21"]

1. e4 c5 2. Nf3 d6 3. d4 cxd4 4. Nxd4 Nf6 5. Nc3 a6 6. Bg5 e6 7. f4 Nbd7 8.
Qf3 Qc7 9. O-O-O b5 10. Bd3 Bb7 11. Rhe1 Qb6 12. Qe3 e5 13. Nf5 Qxe3+ 14.
Nxe3 Rc8 15. Kb1 h6 16. Bxf6 Nxf6 17. g3 h5 18. a4 bxa4 19. Nxa4 Ng4 20.
Nb6 Rb8 21. Nbd5 Kd8 22. fxe5 Nxe5 23. Nc4 Bxd5 24. Nxe5 Kc7 25. exd5 dxe5
26. Rxe5 Bd6 27. Re4 Rb6 28. Ra4 Be5 29. b3 Ra8 30. Rc4+ Kd6 31. Be2 Rh8
32. Bf3 Kd7 33. Rc6 Rh6 34. Bg2 Kd8 35. Rc4 g5 36. Re1 f6 37. Be4 h4 38.
Bf5 hxg3 39. hxg3 Rh2 40. g4 Ke7 41. Rd1 Rb5 42. d6+ Kf7 43. Rc7+ Kf8 44.
Rc8+ Kg7 45. d7 Ra5 46. c3 Raa2 47. Rg8+ Kf7 48. Bg6+ Ke6 49. Re8+ 1-0

[Event "BDO Premier"]
[Site "Haarlem NED"]
[Date "2010.08.22"]
[Round "2"]
[White "Ris,R"]
[Black "Turov,M"]
[Result "1/2-1/2"]
[WhiteElo "2423"]
[BlackElo "2628"]
[EventDate "2010.08.21"]

1. Nf3 Nf6 2. c4 e6 3. d4 d5 4. g3 Bb4+ 5. Bd2 Bd6 6. Bg2 O-O 7. Qc2 c6 8.
O-O Nbd7 9. Rd1 Qe7 10. Bg5 h6 11. Bxf6 Nxf6 12. Nbd2 b6 13. e4 dxe4 14.
Nxe4 Nxe4 15. Qxe4 Bb7 16. Ne5 Rac8 17. c5 Bxe5 18. Qxe5 Rfd8 19. Rac1 Qc7
20. b4 b5 21. Bf3 a5 22. a3 Rd7 23. Qe3 Ra8 24. a4 Ba6 25. bxa5 bxa4 26.
Rb1 Rdd8 27. Rb6 Bb5 28. Qc3 Ra7 29. Rb1 Qd7 30. Rd1 Qc7 31. Rb1 Qd7 32.
Rd1 1/2-1/2

[Event "BDO Premier"]
[Site "Haarlem NED"]
[Date "2010.08.22"]
[Round "2"]
[White "Popilski,G"]
[Black "Willemze,T"]
[Result "0-1"]
[WhiteElo "2451"]
[BlackElo "2405"]
[EventDate "2010.08.21"]

1. e4 c6 2. d4 d5 3. e5 c5 4. dxc5 Nc6 5. Bb5 e6 6. Be3 Nge7 7. c3 Nf5 8.
Bd4 Bd7 9. Bxc6 Bxc6 10. Nf3 Nxd4 11. cxd4 b6 12. O-O Be7 13. Qd2 g5 14. h3
h5 15. cxb6 Kd7 16. g4 hxg4 17. hxg4 Qg8 18. Qd3 Qg7 19. Rd1 Qh6 20. Kf1
Qh3+ 21. Ke2 Qxg4 22. Nbd2 axb6 23. Rac1 Rhc8 24. a3 Ra5 25. Qh7 Bb5+ 26.
Ke1 Raa8 27. Rxc8 Rxc8 28. a4 Ba6 29. b4 Bxb4 30. Qxf7+ Be7 31. Qh7 Rc3 32.
Qh1 Re3+ 0-1

[Event "BDO Premier"]
[Site "Haarlem NED"]
[Date "2010.08.23"]
[Round "3"]
[White "Willemze,T"]
[Black "Peng Zhaoqin"]
[Result "0-1"]
[WhiteElo "2405"]
[BlackElo "2403"]
[EventDate "2010.08.21"]

1. e4 e6 2. Qe2 Be7 3. g3 d5 4. e5 c5 5. Bg2 Nc6 6. Nf3 f6 7. O-O Nh6 8. d4
cxd4 9. Bxh6 gxh6 10. Bh3 O-O 11. Nbd2 Kh8 12. Nb3 fxe5 13. Nxe5 Nxe5 14.
Qxe5+ Bf6 15. Qh5 e5 16. Bg2 a5 17. Rae1 a4 18. Nc1 Ra5 19. Nd3 e4 20. Nb4
Bg7 21. h4 Bd7 22. Rd1 Rf5 23. Qe2 Bb5 24. Qg4 Qf8 25. Rfe1 h5 26. Qh3 Bd7
27. a3 Rf7 28. Qh1 Rxf2 29. Rf1 e3 30. Nd3 Rxf1+ 31. Rxf1 Qe7 32. Bf3 Bf5
33. Ne1 d3 34. cxd3 e2 35. Rf2 Bd4 36. Bxh5 Bxf2+ 37. Kxf2 d4 38. Bxe2 Qe3+
39. Kf1 Be6 40. Qxb7 Bh3+ 41. Ng2 Rf5+ 42. Ke1 Qf2+ 0-1

[Event "BDO Premier"]
[Site "Haarlem NED"]
[Date "2010.08.23"]
[Round "3"]
[White "Turov,M"]
[Black "Popilski,G"]
[Result "1-0"]
[WhiteElo "2628"]
[BlackElo "2451"]
[EventDate "2010.08.21"]

1. d4 Nf6 2. Nf3 g6 3. g3 d5 4. Bg2 Bg7 5. O-O O-O 6. c4 dxc4 7. Na3 Nc6 8.
Nxc4 Be6 9. b3 Bd5 10. Bb2 a5 11. Ne3 Be4 12. a3 e6 13. Nc4 Bd5 14. Rc1 Qe7
15. e3 Rfd8 16. Qc2 Be4 17. Qe2 Bd5 18. Rfd1 Ra6 19. Bf1 Ne4 20. Ne1 Nd6
21. Qc2 Be4 22. Qc3 Raa8 23. Bg2 Bxg2 24. Kxg2 Ra6 25. Nd3 Nxc4 26. Qxc4
Rb6 27. Nc5 Na7 28. Qc3 Nc6 29. Rd3 Rd6 30. Na4 Rb5 31. Qc4 Rh5 32. Nc5 Qd8
33. Qc2 Qa8 34. f3 Rhd5 35. e4 Nxd4 36. Qf2 Nxb3 37. exd5 Nxc1 38. Bxc1
exd5 39. Bf4 Rc6 40. Rxd5 b6 41. Qe3 1-0

[Event "BDO Premier"]
[Site "Haarlem NED"]
[Date "2010.08.23"]
[Round "3"]
[White "Van Kampen,R"]
[Black "Ris,R"]
[Result "1/2-1/2"]
[WhiteElo "2422"]
[BlackElo "2423"]
[EventDate "2010.08.21"]

1. e4 e5 2. Nf3 Nc6 3. Bb5 a6 4. Ba4 Nf6 5. O-O b5 6. Bb3 Bc5 7. a4 Rb8 8.
Nxe5 Nxe5 9. d4 Bxd4 10. Qxd4 d6 11. f4 Nc6 12. Qc3 Ne7 13. Qd3 O-O 14. Nc3
c5 15. axb5 axb5 16. Nxb5 Nxe4 17. Qxe4 Rxb5 18. Ra7 Bd7 19. Qd3 Nf5 20.
Bc4 Rb6 21. Bd2 d5 22. Bxd5 c4 23. Qe4 Be6 24. Ba5 Qd6 25. Kh1 Bxd5 26.
Qxf5 Qc5 27. Qd7 Rg6 28. Rg1 Bc6 29. Rc7 Qxg1+ 30. Kxg1 Bxd7 31. Rxd7 Rc8
32. Kf2 Ra6 33. Bc3 Rac6 34. g4 R6c7 35. Rd5 f6 36. Kf3 Kf7 37. Bb4 Rb8 38.
c3 Rbb7 39. Ke4 Rd7 40. Kd4 Rxd5+ 41. Kxd5 Rd7+ 42. Kxc4 Rd2 43. Ba3 Rxh2
44. b4 Ke8 45. b5 Kd7 1/2-1/2

[Event "BDO Premier"]
[Site "Haarlem NED"]
[Date "2010.08.23"]
[Round "3"]
[White "Reinderman,D"]
[Black "Bok,B"]
[Result "1-0"]
[WhiteElo "2587"]
[BlackElo "2449"]
[EventDate "2010.08.21"]

1. c4 Nf6 2. Nc3 e5 3. Nf3 Nc6 4. g3 Nd4 5. Bg2 Nxf3+ 6. Bxf3 Bb4 7. O-O
O-O 8. Bg2 Re8 9. d3 c6 10. e4 Bxc3 11. bxc3 d5 12. cxd5 cxd5 13. Bg5 dxe4
14. Bxe4 h6 15. Bxf6 Qxf6 16. Rb1 Re7 17. Re1 Rb8 18. Qe2 Bf5 19. Rb5 Qa6
20. c4 Bxe4 21. Qxe4 Rbe8 22. a4 Qxa4 23. Rxb7 Rxb7 24. Qxb7 Qa5 25. Rb1
Qc3 26. Qd5 a5 27. Rb7 Rf8 28. Ra7 Qa1+ 29. Kg2 a4 30. c5 Qd1 31. c6 Qb3
32. Qd7 Qc2 33. c7 e4 34. Rxa4 e3 35. Rf4 e2 36. Rxf7 e1=N+ 37. Kf1 Rxf7
38. c8=Q+ Rf8 39. Qd5+ Kh7 40. Qxf8 1-0

[Event "BDO Premier"]
[Site "Haarlem NED"]
[Date "2010.08.24"]
[Round "4"]
[White "Peng Zhaoqin"]
[Black "Markgraf,Al"]
[Result "0-1"]
[WhiteElo "2403"]
[BlackElo "2456"]
[EventDate "2010.08.21"]

1. d4 f5 2. c4 Nf6 3. Nf3 g6 4. g3 Bg7 5. b4 c6 6. Bg2 d5 7. Nbd2 a5 8.
bxa5 Qxa5 9. O-O Qa4 10. cxd5 Qxd1 11. Rxd1 Nxd5 12. Bb2 Nb6 13. Nb3 Na4
14. Rab1 Na6 15. Ba1 Nb4 16. Rd2 O-O 17. Nc5 Nxc5 18. Rxb4 Ne4 19. Rc2 Rd8
20. Rb1 Ra7 21. Nd2 Nxd2 22. Rxd2 Be6 23. Bc3 Bxa2 24. Ra1 Rda8 25. e3 Kf7
26. Rb2 Bf6 27. h4 Ke6 28. f3 Bc4 29. Rab1 Ra3 30. Rc1 b5 31. f4 Bd5 32.
Bf1 Ra1 33. Rxa1 Rxa1 34. Kf2 Kd7 35. Be2 Ra8 36. Bb4 e6 37. Ke1 Ra1+ 38.
Kf2 Bd8 39. Bf3 Ba5 40. Bxa5 Rxa5 41. Be2 h5 42. Bd3 Ra1 43. Bb1 Kc7 44.
Ke2 Kb6 45. Kd2 Ka5 46. Kc3 b4+ 47. Kd2 Ka4 0-1

[Event "BDO Premier"]
[Site "Haarlem NED"]
[Date "2010.08.24"]
[Round "4"]
[White "Bok,B"]
[Black "Flumbort,A"]
[Result "1/2-1/2"]
[WhiteElo "2449"]
[BlackElo "2540"]
[EventDate "2010.08.21"]

1. e4 c5 2. Nf3 d6 3. d4 cxd4 4. Nxd4 Nf6 5. Nc3 e6 6. g4 h6 7. h4 Nc6 8.
Rg1 d5 9. exd5 Nxd5 10. Nxd5 Qxd5 11. Bg2 Qc4 12. Nxc6 bxc6 13. c3 Rb8 14.
Qe2 Qxe2+ 15. Kxe2 Bd7 16. b3 e5 17. Be4 Bc5 18. Be3 Bxe3 19. Kxe3 Ke7 20.
Rad1 a5 1/2-1/2

[Event "BDO Premier"]
[Site "Haarlem NED"]
[Date "2010.08.24"]
[Round "4"]
[White "Ris,R"]
[Black "Reinderman,D"]
[Result "0-1"]
[WhiteElo "2423"]
[BlackElo "2587"]
[EventDate "2010.08.21"]

1. d4 f5 2. g3 Nf6 3. Bg2 e6 4. Nf3 Be7 5. c4 O-O 6. O-O d6 7. Nc3 a5 8. b3
Ne4 9. Bb2 Nxc3 10. Bxc3 Qe8 11. Ne1 Bf6 12. f4 Nc6 13. Rc1 e5 14. d5 Nd8
15. Qd2 exf4 16. gxf4 b6 17. a3 Qe7 18. Nf3 Re8 19. Nd4 Bd7 20. e4 fxe4 21.
Rce1 e3 22. Qd3 Bh4 23. Re2 Bg4 24. Nf5 Bf2+ 25. Kh1 Bxf5 26. Qxf5 Qf7 27.
Qg4 Nb7 28. b4 axb4 29. axb4 Kf8 30. f5 Ra3 31. Bd4 Rd3 32. Rfxf2 Rxd4 33.
Qxd4 exf2 34. Rxe8+ Qxe8 35. Qxf2 Qe5 36. Kg1 Kf7 37. Bh3 Qc3 38. Qh4 Qxb4
39. Qh5+ Kf8 40. Bf1 Qd2 41. Qxh7 Qg5+ 42. Kf2 Nc5 43. Qh3 Qf4+ 44. Kg1 Ne4
45. Qg2 Qe3+ 46. Kh1 Nf2+ 47. Kg1 Ng4+ 48. Kh1 Qf4 49. Be2 Ne5 50. Qh3 Qe4+
51. Qg2 Qxf5 52. h3 Qf4 0-1

[Event "BDO Premier"]
[Site "Haarlem NED"]
[Date "2010.08.24"]
[Round "4"]
[White "Popilski,G"]
[Black "Van Kampen,R"]
[Result "1/2-1/2"]
[WhiteElo "2451"]
[BlackElo "2422"]
[EventDate "2010.08.21"]

1. e4 c5 2. Nc3 d6 3. Nf3 a6 4. d4 cxd4 5. Nxd4 Nf6 6. Bg5 e6 7. f4 Nbd7 8.
Qf3 Qc7 9. O-O-O b5 10. Bd3 Bb7 11. Rhe1 Qb6 12. Nd5 Qxd4 13. Bxf6 gxf6 14.
Bxb5 Qc5 15. Nxf6+ Kd8 16. Nxd7 Qxb5 17. Nxf8 Rxf8 18. Qa3 Ke8 19. Qxd6 Rc8
20. Rd2 Qc6 21. Qd4 Qc7 22. Re3 Rd8 23. Rc3 Rxd4 24. Rxc7 Rxd2 25. Kxd2
Bxe4 26. g3 Kd8 27. Ra7 Kc8 28. Rxa6 Rd8+ 29. Kc3 Kb7 30. Ra4 Rc8+ 31. Kd4
Bxc2 32. Rb4+ Ka6 33. Ke5 Bf5 34. Kf6 Rc2 35. Kxf7 Rxh2 36. Kf6 Rd2 37. Rb3
h6 38. Kg7 h5 39. Kf6 Rd5 40. Rc3 Kb5 41. a3 Rd2 42. b4 Ka4 43. Ke5 Rd5+
44. Kf6 Bg4 45. Re3 Kb5 46. Rc3 Rf5+ 47. Ke7 1/2-1/2

[Event "BDO Premier"]
[Site "Haarlem NED"]
[Date "2010.08.24"]
[Round "4"]
[White "Willemze,T"]
[Black "Turov,M"]
[Result "0-1"]
[WhiteElo "2405"]
[BlackElo "2628"]
[EventDate "2010.08.21"]

1. e4 e5 2. Nf3 Nc6 3. Nc3 Nf6 4. Bb5 Bd6 5. a3 a6 6. Bc4 Bc5 7. d3 d6 8.
h3 Be6 9. Be3 Bxe3 10. fxe3 Bxc4 11. dxc4 Ne7 12. c5 dxc5 13. Nxe5 Ng6 14.
Nxg6 hxg6 15. Qf3 Qe7 16. O-O-O c6 17. g4 Nd7 18. Rhf1 Ne5 19. Qg3 g5 20.
Na4 b5 21. Nc3 g6 22. Rd5 cxd5 23. Nxd5 Qd6 24. Kb1 Nc4 25. Nc7+ Ke7 26. e5
0-1

[Event "BDO Premier"]
[Site "Haarlem NED"]
[Date "2010.08.25"]
[Round "5"]
[White "Turov,M"]
[Black "Peng Zhaoqin"]
[Result "1-0"]
[WhiteElo "2628"]
[BlackElo "2403"]
[EventDate "2010.08.21"]

1. c4 e5 2. Nc3 Nc6 3. Nf3 Nf6 4. g3 Bc5 5. Nxe5 Bxf2+ 6. Kxf2 Nxe5 7. e4
c5 8. d3 O-O 9. h3 d6 10. Bg2 Ne8 11. Rf1 Nc7 12. Kg1 Ne6 13. Nd5 a5 14.
Be3 Nc6 15. Qd2 Rb8 16. Rf2 b5 17. Nc3 Ned4 18. Kh2 Be6 19. e5 b4 20. exd6
bxc3 21. bxc3 Nf5 22. Bxc5 Qd7 23. d4 Nxd6 24. d5 Nxc4 25. Qf4 N6e5 26.
dxe6 Qxe6 27. Bxf8 Rxf8 28. Rd1 Ne3 29. Rd4 Nxg2 30. Kxg2 f6 31. Qe4 Rc8
32. Qd5 Qxd5+ 33. Rxd5 Rxc3 34. Rxa5 h5 35. Ra7 Nc4 36. Rb7 Ra3 37. Rb5 Ne5
38. Rb3 Ra4 39. a3 Kh7 40. Ra2 Nc6 41. Rb6 1-0

[Event "BDO Premier"]
[Site "Haarlem NED"]
[Date "2010.08.25"]
[Round "5"]
[White "Van Kampen,R"]
[Black "Willemze,T"]
[Result "1-0"]
[WhiteElo "2422"]
[BlackElo "2405"]
[EventDate "2010.08.21"]

1. e4 c6 2. d4 d5 3. e5 c5 4. Nf3 Bg4 5. dxc5 Nc6 6. c3 e6 7. Be3 Nge7 8.
Nbd2 Qc7 9. Qa4 Bxf3 10. Nxf3 Nf5 11. Bd4 Be7 12. Bd3 Nfxd4 13. cxd4 O-O
14. O-O a5 15. Rac1 f6 16. Bb5 fxe5 17. Bxc6 e4 18. Bd7 exf3 19. Bxe6+ Kh8
20. Bxd5 Ra6 21. g3 Qc8 22. Rfe1 Bg5 23. Rcd1 Rh6 24. Bxf3 Qf5 25. Qa3 Qh3
26. Re5 Qxh2+ 27. Kf1 Rhf6 28. Rde1 Qh3+ 29. Kg1 Qd7 30. R1e4 h6 31. Bg4
Qb5 32. Be2 Qd7 33. f4 Qh3 34. Re8 Qf5 35. Qe3 1-0

[Event "BDO Premier"]
[Site "Haarlem NED"]
[Date "2010.08.25"]
[Round "5"]
[White "Reinderman,D"]
[Black "Popilski,G"]
[Result "1-0"]
[WhiteElo "2587"]
[BlackElo "2451"]
[EventDate "2010.08.21"]

1. c4 c5 2. Nf3 Nf6 3. d4 cxd4 4. Nxd4 b6 5. Nc3 Bb7 6. f3 e6 7. e4 d6 8.
Be2 Be7 9. O-O O-O 10. Be3 a6 11. Qd2 Nbd7 12. Rfd1 Rc8 13. Rac1 Qc7 14.
Kh1 Qb8 15. b4 Bd8 16. Nb3 Bc7 17. Bf4 Ne5 18. Bxe5 dxe5 19. c5 b5 20. a4
bxa4 21. Nxa4 Bc6 22. Nb2 Rcd8 23. Qc3 Rd4 24. Nc4 Bb5 25. Nxd4 exd4 26.
Rxd4 Bxh2 27. e5 Bxc4 28. exf6 Bxe2 29. Qd2 Be5 30. Rg4 Bxf6 31. Qxe2 h5
32. Re4 1-0

[Event "BDO Premier"]
[Site "Haarlem NED"]
[Date "2010.08.25"]
[Round "5"]
[White "Flumbort,A"]
[Black "Ris,R"]
[Result "1/2-1/2"]
[WhiteElo "2540"]
[BlackElo "2423"]
[EventDate "2010.08.21"]

1. Nf3 Nf6 2. c4 e6 3. d4 d5 4. g3 Bb4+ 5. Bd2 Bd6 6. Bg2 O-O 7. Qc2 c6 8.
O-O Nbd7 9. Bg5 h6 10. Bxf6 Nxf6 11. Nbd2 b6 12. e4 Be7 13. e5 Nd7 14. cxd5
cxd5 15. Qc6 Ba6 16. Rfc1 Qc8 17. Bf1 Qxc6 18. Rxc6 Bxf1 19. Nxf1 Rfc8 20.
Rac1 Rxc6 21. Rxc6 Kf8 22. Ne1 Ke8 23. f4 Nb8 24. Rc1 Kd7 25. Kf2 Nc6 26.
Ke3 a5 1/2-1/2

[Event "BDO Premier"]
[Site "Haarlem NED"]
[Date "2010.08.25"]
[Round "5"]
[White "Markgraf,Al"]
[Black "Bok,B"]
[Result "1/2-1/2"]
[WhiteElo "2456"]
[BlackElo "2449"]
[EventDate "2010.08.21"]

1. e4 e5 2. Nf3 Nc6 3. Bc4 Nf6 4. d3 Be7 5. O-O O-O 6. Re1 d6 7. a4 h6 8.
a5 a6 9. Nc3 Nh7 10. Nd5 Kh8 11. d4 Bg4 12. dxe5 dxe5 13. h3 Bxf3 14. Qxf3
Bg5 15. c3 Nxa5 16. Rxa5 c6 17. Ra3 cxd5 18. Bxd5 Qe7 19. Rb3 Rab8 20. Bxg5
Nxg5 21. Qe3 Ne6 22. Bxe6 fxe6 23. Rd1 Rbd8 24. Rxd8 1/2-1/2

[Event "BDO Premier"]
[Site "Haarlem NED"]
[Date "2010.08.26"]
[Round "6"]
[White "Ris,R"]
[Black "Markgraf,Al"]
[Result "1/2-1/2"]
[WhiteElo "2423"]
[BlackElo "2456"]
[EventDate "2010.08.21"]

1. d4 f5 2. g3 Nf6 3. Bg2 g6 4. Nf3 Bg7 5. O-O O-O 6. b3 d6 7. Bb2 Qe8 8.
c4 Na6 9. Qc2 Rb8 10. Nbd2 b5 11. a3 c6 12. b4 bxc4 13. Nxc4 Nc7 14. Rac1
Bd7 15. e3 Ncd5 16. Ne1 g5 17. Nd3 Qh5 18. f3 Kh8 19. Rce1 Nb6 20. Na5 Rbc8
21. Qd2 Be6 22. e4 1/2-1/2

[Event "BDO Premier"]
[Site "Haarlem NED"]
[Date "2010.08.26"]
[Round "6"]
[White "Popilski,G"]
[Black "Flumbort,A"]
[Result "0-1"]
[WhiteElo "2451"]
[BlackElo "2540"]
[EventDate "2010.08.21"]

1. d4 Nf6 2. c4 c5 3. d5 e6 4. Nc3 exd5 5. cxd5 d6 6. Nf3 g6 7. h3 Bg7 8.
e4 O-O 9. Bd3 b5 10. Bxb5 Nxe4 11. Nxe4 Qa5+ 12. Nfd2 Qxb5 13. Nxd6 Qa6 14.
N2c4 Nd7 15. O-O Ne5 16. Nxe5 Qxd6 17. Nc6 Bd7 18. Bg5 Bxc6 19. dxc6 Qxc6
20. Qc2 Rab8 21. Rab1 c4 22. Rfe1 Qa6 23. a3 Rfc8 24. Bd2 Rb3 25. Re3 Rd3
26. b3 Rcd8 27. Rxd3 cxd3 28. Qc7 Bf6 29. Re1 Rc8 30. Qd7 Kg7 31. h4 h5 32.
Re3 Rd8 33. Qc7 Qxa3 34. Kh2 Qxb3 35. Rf3 Qb8 36. Qxb8 Rxb8 37. Rxd3 Rd8
38. Rxd8 Bxd8 39. Kh3 f5 0-1

[Event "BDO Premier"]
[Site "Haarlem NED"]
[Date "2010.08.26"]
[Round "6"]
[White "Willemze,T"]
[Black "Reinderman,D"]
[Result "0-1"]
[WhiteElo "2405"]
[BlackElo "2587"]
[EventDate "2010.08.21"]

1. e4 c5 2. Nf3 d6 3. c3 Nf6 4. Be2 Bd7 5. d3 g6 6. O-O Bg7 7. e5 dxe5 8.
Nxe5 Nc6 9. d4 cxd4 10. cxd4 Nd5 11. Bc4 Nxe5 12. dxe5 Bc6 13. Qb3 e6 14.
Nc3 Nb6 15. Re1 Nxc4 16. Qxc4 O-O 17. h4 Rc8 18. Qb4 a5 19. Qg4 Qb6 20. h5
Rfd8 21. Qg3 Qb4 22. a3 Qc4 23. Be3 b5 24. Rad1 b4 25. axb4 axb4 26. Rxd8+
Rxd8 27. Ne2 Qe4 28. f4 Bf8 29. Nc1 Qd5 30. Re2 Rc8 31. Rd2 Qe4 32. Kh2 Bd5
33. Nd3 b3 34. hxg6 hxg6 35. Nf2 Qb1 36. Rd1 Qf5 37. Ng4 Bg7 38. Qh4 Qh5
39. Nf6+ Bxf6 40. Qxh5 gxh5 41. exf6 Rc2 42. Rd2 Be4 43. g4 hxg4 44. Kg3
Bf3 45. Rh2 Be2 46. Bd4 Bd3 47. Rf2 Bf5 48. Be5 Rc1 49. Rd2 Rh1 50. Rd4
Rh3+ 51. Kg2 Kh7 52. Rb4 Kg6 53. Bc3 Bc2 54. Rc4 Bd1 55. Rc5 Bf3+ 56. Kf2
Bd5 57. Bd4 Rf3+ 58. Ke2 Rxf4 59. Kd3 g3 60. Rc8 g2 61. Rg8+ Kf5 62. Rg7 e5
63. Be3 Rf1 64. Kd2 Kxf6 65. Rg8 Ke6 66. Bc5 f5 0-1

[Event "BDO Premier"]
[Site "Haarlem NED"]
[Date "2010.08.26"]
[Round "6"]
[White "Turov,M"]
[Black "Van Kampen,R"]
[Result "0-1"]
[WhiteElo "2628"]
[BlackElo "2422"]
[EventDate "2010.08.21"]

1. c4 Nf6 2. Nc3 g6 3. d4 Bg7 4. Nf3 d6 5. g3 O-O 6. Bg2 Nc6 7. O-O a6 8.
Qd3 Bd7 9. Rd1 b5 10. cxb5 axb5 11. Nxb5 Nb4 12. Qc4 Nxa2 13. Bd2 Qb8 14.
Nxc7 Ra4 15. b4 Rc8 16. Rxa2 Rxc7 17. Qb3 Rca7 18. Rc2 Ra3 19. Qc4 Be6 20.
d5 Nxd5 21. Qh4 Ra1 22. Rdc1 Bf6 23. Ng5 Bxg5 24. Qxg5 Nxb4 25. Rxa1 Rxa1+
26. Rc1 Rxc1+ 27. Bxc1 Na2 28. Be4 Qb4 29. Bd2 Qxe4 30. Qxe7 Qxe2 31. Qxd6
h5 32. h4 Qd1+ 33. Kh2 Qf3 0-1

[Event "BDO Premier"]
[Site "Haarlem NED"]
[Date "2010.08.27"]
[Round "7"]
[White "Van Kampen,R"]
[Black "Peng Zhaoqin"]
[Result "1-0"]
[WhiteElo "2422"]
[BlackElo "2403"]
[EventDate "2010.08.21"]

1. e4 e6 2. d4 d5 3. Nc3 Bb4 4. e5 c5 5. a3 Bxc3+ 6. bxc3 Qc7 7. Qg4 f6 8.
Nf3 c4 9. a4 Nc6 10. Qg3 Qf7 11. Be2 Nge7 12. Ba3 Nf5 13. Qh3 Bd7 14. exf6
Qxf6 15. g4 Nfe7 16. Qh5+ Ng6 17. Bc1 O-O 18. Bg5 Qf7 19. Be3 Qf6 20. Bg5
Qf7 21. Be3 Qf6 22. Ng5 h6 23. Nh3 Nh4 24. g5 Nf3+ 25. Qxf3 Qxf3 26. Bxf3
Rxf3 27. Ng1 Rf7 28. gxh6 gxh6 29. Bxh6 e5 30. Ne2 Kh7 31. Be3 Bg4 32. Rg1
Bf3 33. Kd2 Re8 34. dxe5 Nxe5 35. Nd4 Bh5 36. Rg5 Nf3+ 1-0

[Event "BDO Premier"]
[Site "Haarlem NED"]
[Date "2010.08.27"]
[Round "7"]
[White "Reinderman,D"]
[Black "Turov,M"]
[Result "1/2-1/2"]
[WhiteElo "2587"]
[BlackElo "2628"]
[EventDate "2010.08.21"]

1. c4 e5 2. Nc3 Nc6 3. Nf3 g6 4. g3 Bg7 5. Bg2 f5 6. d3 Nf6 7. O-O O-O 8.
Rb1 d6 9. b4 h6 10. b5 Ne7 11. c5 Be6 12. Ba3 Ned5 13. Nxd5 Bxd5 14. Qc2 a6
15. b6 Rc8 16. Nh4 Bxg2 17. Kxg2 Kh7 18. Rfc1 Nd7 19. Qb3 dxc5 20. Bxc5
Nxc5 21. Rxc5 c6 22. Qc4 Qe7 23. Kg1 Rcd8 24. Qc2 e4 25. dxe4 Qxe4 26. Qxe4
fxe4 27. Rc4 e3 28. fxe3 Rd2 29. Re4 g5 30. Nf3 Rxe2 31. Rf1 Rb2 32. Re7
Rxb6 33. Nxg5+ Kh8 34. Ne6 Rxf1+ 35. Kxf1 Bf6 36. Rf7 Ba1 37. h4 Rb5 38.
Kf2 Kg8 39. Rd7 Rf5+ 40. Ke2 Re5 41. Nf4 b5 42. Rd6 Rc5 43. Rxh6 b4 44. Nd3
Rc2+ 45. Kd1 Rxa2 46. Nxb4 Rg2 47. Rxc6 Rxg3 48. Rxa6 Rxe3 49. Rxa1 Re4 50.
Nd3 Rxh4 51. Kd2 Kf7 52. Ke3 Ke6 53. Ra5 Kd6 54. Nf2 Kc6 55. Ne4 Rh1 56.
Rc5+ Kb6 57. Kd4 Rd1+ 58. Ke5 Ra1 59. Rc8 Rd1 60. Nc3 Rh1 61. Nd5+ Kb5 62.
Rb8+ Kc5 63. Rc8+ Kb5 64. Rf8 Kc5 65. Ne3 Rh5+ 66. Rf5 1/2-1/2

[Event "BDO Premier"]
[Site "Haarlem NED"]
[Date "2010.08.27"]
[Round "7"]
[White "Markgraf,Al"]
[Black "Popilski,G"]
[Result "1-0"]
[WhiteElo "2456"]
[BlackElo "2451"]
[EventDate "2010.08.21"]

1. e4 e5 2. Nf3 Nc6 3. Bc4 Bc5 4. c3 Nf6 5. d3 a6 6. Bb3 Ba7 7. h3 O-O 8.
Bg5 Qe7 9. Nbd2 Nd8 10. Nc4 Ne6 11. Bxf6 Qxf6 12. Ncxe5 d6 13. Ng4 Qg6 14.
Qd2 Nc5 15. Ne3 Nxb3 16. axb3 Bd7 17. g4 Rfe8 18. O-O-O Be6 19. c4 b5 20.
Nf5 bxc4 21. bxc4 Bxf5 22. exf5 Qf6 23. Rhe1 d5 24. Rxe8+ Rxe8 25. Re1 Rb8
26. Re2 h6 27. Qf4 Bc5 28. Qxc7 Bd6 29. Qa5 dxc4 30. dxc4 Bf4+ 31. Kb1 Qc6
32. Qd5 Qc7 33. Qe4 Rd8 34. Qc2 Qc6 35. Ne1 Rd4 36. b3 Qd6 37. Nf3 Rd3 38.
Ne1 Rd1+ 39. Ka2 Qd4 40. Qb2 Qd6 41. Nc2 Qd8 42. Qc3 Rd3 43. Re8+ Kh7 44.
Rxd8 Rxc3 45. Ne3 Bxe3 46. fxe3 Rxe3 47. c5 1-0